000 00357 a2200157 4500
001 75472
020 _a9789604032013
040 _cAnchieta - Colégio São Paulo
100 _aSwan, Joanne
240 1 0 _aHansel and gretel
_lpor
245 1 0 _aHansel and gretel
300 _a35
362 0 _a2004
650 4 _aLiteratura juvenil em inglês
942 _cBK
999 _c75472
_d75472